| Tag |
First Indicator |
Second Indicator |
Subfields |
| LEADER |
00000cam a2200000 a 4500 |
| 001 |
in00000791421 |
| 005 |
20151017065145.0 |
| 008 |
890314s1989 ne a b 10110 eng |
| 010 |
|
|
|a 89002606
|
| 020 |
|
|
|a 0792302214 (alk. paper)
|
| 020 |
|
|
|a 0792302222 (pbk. : alk. paper)
|
| 035 |
|
|
|a (OCoLC)19519239
|
| 035 |
|
|
|9 ADN5887AM
|
| 040 |
|
|
|a DLC
|c DLC
|d TXA
|d UtOrBLW
|
| 049 |
|
|
|a TXAM
|c [A12505021]
|
| 050 |
0 |
0 |
|a QB857.72
|b .I57 1988
|
| 082 |
0 |
|
|a 523.1/12
|2 20
|
| 110 |
2 |
|
|a International Astronomical Union.
|b Symposium
|n (136th :
|d 1988 :
|c Los Angeles, Calif.)
|
| 245 |
1 |
4 |
|a The center of the galaxy :
|b proceedings of the 136th Symposium of the International Astronomical Union, held in Los Angeles, U.S.A., July 25- 29, 1988 /
|c edited by Mark Morris.
|
| 264 |
|
1 |
|a Dordrecht [Netherlands] ;
|a Boston :
|b Kluwer Academic Publ.,
|c [1989]
|
| 264 |
|
4 |
|c ©1989
|
| 300 |
|
|
|a xxiii, 661 pages :
|b illustrations ;
|c 25 cm.
|
| 336 |
|
|
|a text
|b txt
|2 rdacontent
|
| 337 |
|
|
|a unmediated
|b n
|2 rdamedia
|
| 338 |
|
|
|a volume
|b nc
|2 rdacarrier
|
| 504 |
|
|
|a Includes bibliographical references and index.
|
| 651 |
|
0 |
|a Galactic center
|x Congresses.
|
| 650 |
|
0 |
|a Infrared astronomy
|v Congresses.
|
| 650 |
|
0 |
|a Radio astronomy
|v Congresses.
|
| 700 |
1 |
|
|a Morris, Mark,
|d 1947-
|
| 999 |
|
|
|a MARS
|
| 999 |
f |
f |
|s e85f5861-b616-3c57-a8b0-f05635552bbc
|i 706c4f23-d538-3eb8-8173-f6b073c902c2
|t 0
|
| 952 |
f |
f |
|p ric
|a Texas A&M University
|b Rellis Campus
|c Joint Library Facility
|d Remote Storage
|t 0
|e QB857.72 .I57 1988
|h Library of Congress classification
|i unmediated -- volume
|m A14812505021
|
| 998 |
f |
f |
|a QB857.72 .I57 1988
|t 0
|l Remote Storage
|